Header

Geopolítica y teoría de las fronteras (Registro nro. 39419)

Detalles MARC
000 -LEADER
campo de control de longitud fija 00896nam a2200325 a 4500
001 - NÚMERO DE CONTROL
campo de control 39419
003 - IDENTIFICADOR DE NÚMERO DE CONTROL
campo de control AR-BaAGN
005 - FECHA Y HORA DE LA ÚLTIMA TRANSACCIÓN
campo de control 20231205062532.0
007 - CAMPO FIJO DE DESCRIPCIÓN FÍSICA--INFORMACIÓN GENERAL
campo de control de longitud fija ta
008 - DATOS DE LONGITUD FIJA--INFORMACIÓN GENERAL
campo de control de longitud fija 220625s1997 ag |||||r|||| ||||||spa d
020 ## - NÚMERO INTERNACIONAL ESTÁNDAR DEL LIBRO
Número Internacional Estándar del Libro 950-9822-46-9
040 ## - FUENTE DE CATALOGACIÓN
Lengua de catalogación español
Normas de descripción aacr
Centro catalogador/agencia de origen AR-BaAGN
942 ## - ELEMENTOS DE ENTRADA SECUNDARIOS (KOHA)
Tipo de ítem Koha Libro
Suprimir en OPAC No
100 1# - ENTRADA PRINCIPAL--NOMBRE DE PERSONA
Nombre de persona Meira Mattos, Carlos
245 10 - MENCIÓN DEL TÍTULO
Título Geopolítica y teoría de las fronteras
260 ## - PUBLICACIÓN, DISTRIBUCIÓN, ETC.
Lugar de publicación, distribución, etc. Buenos Aires :
Nombre del editor, distribuidor, etc. Círculo Militar,
Fecha de publicación, distribución, etc. 1997.
300 ## - DESCRIPCIÓN FÍSICA
Extensión 771, 182 páginas :
Otras características físicas map. byn
336 ## - TIPO DE CONTENIDO
Fuente rdacontent
Código de tipo de contenido texto
337 ## - TIPO DE MEDIO
Fuente rdamedia
Código del tipo de medio no mediado
338 ## - TIPO DE SOPORTE
Fuente rdacarrier
Código del tipo de soporte volumen
490 0# - MENCIÓN DE SERIE
Mención de serie Colección : Biblioteca del Oficial
650 #4 - PUNTO DE ACCESO ADICIONAL DE MATERIA--TÉRMINO DE MATERIA
Término de materia o nombre geográfico como elemento de entrada FRONTERAS
ID autoridades 1516
650 #4 - PUNTO DE ACCESO ADICIONAL DE MATERIA--TÉRMINO DE MATERIA
Término de materia o nombre geográfico como elemento de entrada GEOPOLÍTICA
ID autoridades 645
650 #4 - PUNTO DE ACCESO ADICIONAL DE MATERIA--TÉRMINO DE MATERIA
Término de materia o nombre geográfico como elemento de entrada CONFLICTOS DE LÍMITES
ID autoridades 2372
650 #4 - PUNTO DE ACCESO ADICIONAL DE MATERIA--TÉRMINO DE MATERIA
Término de materia o nombre geográfico como elemento de entrada POLÍTICA ARGENTINA
ID autoridades 5024
651 #4 - PUNTO DE ACCESO ADICIONAL DE MATERIA--NOMBRE GEOGRÁFICO
Nombre geográfico Argentina
ID autoridades 3645
651 #4 - PUNTO DE ACCESO ADICIONAL DE MATERIA--NOMBRE GEOGRÁFICO
Nombre geográfico Brasil
ID autoridades 3631
Existencias
Estado de retiro Estado de pérdida Estado de conservación Biblioteca actual Ubicación en estantería Signatura topográfica completa Código de barras Tipo de ítem Koha
      Biblioteca del Archivo General de la Nación AGN - Biblioteca AGN 14972 AGN-14972 Libro
      Biblioteca del Archivo General de la Nación AGN - Biblioteca AGN 14972 AGN-14972-DUP Libro

Contacto

Dirección: Av. Leandro Alem 246, 3er piso (CABA).
Código postal: C1003AAP
Teléfono: 2206-0013
Correo electrónico: comunicacionagn@mininterior.gob.ar
Sitio Web: www.argentina.gob.ar/interior/archivo-general-de-la-nacion

AGN en las redes sociales

Facebook  /  Twitter  /  Instagram